Digital communications : Fundamentals and applications

Kaydedildi:
Detaylı Bibliyografya
Yazar:  Sklar, Bernard
Materyal Türü: Sách
Dil:Undetermined
Baskı/Yayın Bilgisi:  Pearson Education Limited  2014
Konular:
Etiketler: Etiketle
Etiket eklenmemiş, İlk siz ekleyin!
Thư viện lưu trữ: Trung tâm Thư viện - Trường Đại học Công nghiệp TP. Hồ Chí Minh
LEADER 00539nam a2200157Ia 4500
001 UIH_06151
008 231011s9999 xx 000 0 und d
082 |a  621.382 
100 |a  Sklar, Bernard 
245 0 |a  Digital communications : Fundamentals and applications 
245 0 |c  Sklar, Bernard 
260 |b  Pearson Education Limited 
260 |c  2014 
650 |a  Truyền thông số; Digital communications;  
927 |a Sách 
980 |a Trung tâm Thư viện - Trường Đại học Công nghiệp TP. Hồ Chí Minh